|
|
|
|
| LEADER |
00000cam a2200000 a 4500 |
| 001 |
vtls010539792 |
| 003 |
SK-MaSNL |
| 005 |
20260302060317.0 |
| 008 |
240314s2012 ru a np 001 0drus |
| 020 |
|
|
|a 9785988740758
|q (viaz.)
|
| 040 |
|
|
|a SNK
|b slo
|c SNK
|e AACR2
|
| 041 |
0 |
|
|a rus
|
| 043 |
|
|
|a e-ru---
|
| 044 |
|
|
|a ru
|c RU
|
| 072 |
|
7 |
|a 347.7
|x Obchodné právo. Finančné právo. Právo priemyselného vlastníctva. Patentové právo. Autorské právo
|2 konspekt
|
| 072 |
|
7 |
|a 37.016
|x Učebné osnovy. Vyučovacie predmety. Učebnice
|2 konspekt
|
| 080 |
|
|
|a 339.1-051
|2 2011
|
| 080 |
|
|
|a 334.782
|2 2011
|
| 080 |
|
|
|a 347.72
|2 2011
|
| 080 |
|
|
|a (470+571)
|2 2011
|
| 080 |
|
|
|a 93/94
|2 2011
|
| 080 |
|
|
|a 347.7
|2 2011
|
| 080 |
|
|
|a (048.8)
|2 2011
|
| 100 |
1 |
|
|a Golikova, Nina Borisovna,
|d 1914-2008
|4 aut
|9 717800
|
| 245 |
1 |
0 |
|a Privilegirovannoje kupečestvo v strukture russkogo obščestva v XVI-pervoj četverti XVIII v.
|b iz naučnogo nasledija
|c Nina Borisovna Golikova ; [sostaviteli: N. V. Kozlova, V. N. Zacharov, I. Je. Triškan]
|
| 260 |
|
|
|a Moskva
|a Sankt Peterburg
|b Al'jans-Archeo
|c 2012
|
| 300 |
|
|
|a 331 s.
|b portrét, tab.
|c 22 cm
|
| 366 |
|
|
|e 800 výt.
|
| 504 |
|
|
|a Bibliogr. odkazy ; Reg.
|
| 650 |
0 |
7 |
|a cechy
|x dejiny
|2 SNKPH
|9 646701
|
| 650 |
0 |
7 |
|a obchodné spoločnosti
|x dejiny
|2 SNKPH
|9 717801
|
| 650 |
0 |
7 |
|a Businessmen
|2 SNKPHeng
|9 275440
|
| 650 |
0 |
7 |
|a Guilds
|x History
|2 SNKPHeng
|9 717802
|
| 650 |
0 |
7 |
|a Corporations
|x History
|2 SNKPHeng
|9 717803
|
| 650 |
0 |
7 |
|a obchodné právo
|x dejiny
|2 SNKPH
|9 717804
|
| 650 |
0 |
7 |
|a Commercial law
|x History
|2 SNKPHeng
|9 717805
|
| 650 |
0 |
7 |
|a obchodníci
|2 SNKPH
|9 30715
|
| 650 |
0 |
7 |
|a dejiny
|2 SNKPH
|9 3825
|
| 650 |
0 |
7 |
|a History
|2 SNKPHeng
|9 265139
|
| 651 |
|
7 |
|a Rusko
|2 SNKPH
|9 17250
|
| 651 |
|
7 |
|a Russia
|2 SNKPHeng
|9 278886
|
| 655 |
|
7 |
|a monografie
|2 SNKPH
|9 70139
|
| 655 |
|
7 |
|a Monographs
|2 SNKPHeng
|9 120675
|
| 700 |
1 |
|
|a Kozlova, N. V.
|4 com
|9 717806
|
| 700 |
1 |
|
|a Zacharov, V. N.
|4 com
|9 717807
|
| 700 |
1 |
|
|a Triškan, I. Je.
|4 com
|9 717808
|
| 919 |
|
|
|a 978-5-98874-075-8
|
| 958 |
|
|
|a RU
|
| 958 |
|
|
|a NB
|
| 958 |
|
|
|a UV
|
| 999 |
|
|
|c 1120749
|d 1122679
|
| 952 |
|
|
|a SNK
|b SNK
|y VYP
|7 0
|p 17A1084242
|o snkIC 140806
|i snk2013/24003
|8 2
|g 6.00
|0 0
|1 0
|4 0
|d 2013-09-03
|l 0
|r 2026-02-24 18:30:11
|w 2026-02-24
|